| 000 | 00543cam a22002171 4500 | ||
|---|---|---|---|
| 001 | sa 67002049 | ||
| 003 | DLC | ||
| 005 | 20260227112328.0 | ||
| 008 | 890514q19601967io 000 0 ind | ||
| 010 | _asa 67002049 | ||
| 035 | _a(OCoLC)23542544 | ||
| 040 |
_aDLC _cMiU _dDLC |
||
| 042 | _apremarc | ||
| 050 | 0 | 0 |
_aBP135 _b.M84 1960z |
| 100 | 1 | _aMuin, M. Thaib Thahir Abdul. | |
| 245 | 1 | 0 | _aDictaat ushul-hadist |
| 250 | _aTjet. 2. | ||
| 260 |
_aJogjakarta, _bStensil Kemadjuan _c[196-?] |
||
| 300 |
_a50 p. _c22 cm. |
||
| 650 | 0 | _aHadith | |
| 999 |
_c73015 _d73015 |
||